000
00223 a2200097 4500
001
41091
100
_a
Ostrander, S
245
_a
Etiquette for Todays
260
_a
New York
_b
Barnes & Noble Books
_c
090
_c
25321
_d
25321
942
_a
NUST-CAE
_c
M
_c
17027
999
_c
276164
_d
276164